Ivoorkust Trivia Quiz - Statistieken

Algemene statistieken
  • Deze quiz is 321 keer genomen
  • De gemiddelde score is 11 van 16
Antwoordstatistieken
Hint Antwoord % Correct
Land waarvan de vlag erg lijkt op die van Ivoorkust:
Ierland
94%
Aangrenzende landen Ghana
91%
Officiële taal Frans
89%
Aangrenzende landen Burkina Faso
87%
Aangrenzende landen Liberia
83%
Aangrenzende landen Guinee
81%
Aangrenzende landen Mali
81%
Ivoorkust is de # 1 producent van deze boon Cacao
75%
Hoofdstad van Ivoorkust Yamoussoukro
67%
Officiële naam voor Ivoorkust Côte d'Ivoire
63%
Meest bevolkte stad Abidjan
58%
Topscorer voor het Ivoriaanse voetbalteam Didier Drogba
54%
Boomsapproduct dat een van de belangrijkste exportproducten van Ivoorkust is Rubber
46%
Amerikaanse popzanger die in 1992 tot koning van het Ivoriaanse koninkrijk Sanwi werd uitgeroepen Michael Jackson
41%
Wat is de naam voor het internationale voetbal team van Ivoorkust? De {Olifant}en
40%
Hoe heet een van de grootste kerken in de wereld, die in de Ivoriaanse hoofdstad staat? Basilique {Notre-Dame} de la Paix
24%
Geen overeenkomende quizzen gevonden
Scoreverdeling
Procent van Mensen met Elke Score
Percentiel versus Aantal Correcte Antwoorden
Uw Scoregeschiedenis
U heeft deze quiz nog niet genomen